| 000 | 01279cam a22003374a 4500 | ||
|---|---|---|---|
| 001 | 12502225 | ||
| 005 | 20221005160816.0 | ||
| 008 | 010814r20022000nyub 000 0 eng | ||
| 010 | _a 2001039736 | ||
| 020 | _a0151007683 | ||
| 040 |
_aDLC _cDLC _dDLC |
||
| 041 | 1 |
_aeng _hdan |
|
| 042 | _apcc | ||
| 043 | _aa------ | ||
| 050 | 0 | 0 |
_aDS10 _b.J4713 2002 |
| 082 | 0 | 0 |
_a915.04429 _bJEN |
| 100 | 1 |
_aJensen, Carsten, _d1952- _999165 |
|
| 240 | 1 | 0 |
_aJeg har set verden begynde. _lEnglish |
| 245 | 1 | 0 |
_aI have seen the world begin / _cCarsten Jensen ; translated from the Danish by Barbara Haveland. |
| 260 |
_aNew York : _bHarcourt, _c[2002] |
||
| 300 |
_a337 p. : _bmaps ; _c24 cm. |
||
| 500 | _aOriginally published: London :Harvill Press, 2000. | ||
| 600 | 1 | 0 |
_aJensen, Carsten, _d1952- _xTravel _zAsia. _999166 |
| 651 | 0 |
_aAsia _xDescription and travel. _911233 |
|
| 700 | 1 |
_aHaveland, Barbara. _999167 |
|
| 856 | 4 | 2 |
_3Contributor biographical information _uhttp://www.loc.gov/catdir/bios/har051/2001039736.html |
| 856 | 4 | 2 |
_3Publisher description _uhttp://www.loc.gov/catdir/description/har021/2001039736.html |
| 906 |
_a7 _bcbc _corignew _d1 _eocip _f20 _gy-gencatlg |
||
| 942 |
_2ddc _cBK |
||
| 999 |
_c591508 _d591508 |
||